Multinationals in a new era (Record no. 179319)
[ view plain ]
| 000 -LEADER | |
|---|---|
| fixed length control field | 01390nam a2200313Ia 4500 |
| 245 00 - TITLE STATEMENT | |
| Title | Multinationals in a new era |
| 260 ## - PUBLICATION, DISTRIBUTION, ETC. (IMPRINT) | |
| Place of publication | New York : |
| Name of publisher | Palgrave Macmillan, |
| Year of publication | 2001. |
| 300 ## - PHYSICAL DESCRIPTION | |
| Number of Pages | 299 p. |
| 500 ## - GENERAL NOTE | |
| General note | Papers from the 27th Annual Conference of the UK Chapter of the Academy of International Business. |
| 650 #0 - SUBJECT ADDED ENTRY--TOPICAL TERM | |
| Topical Term | International business enterprises |
| Topical Term | Globalization |
| 700 1# - ADDED ENTRY--PERSONAL NAME | |
| Personal name | Taggart, J. H. |
| Personal name | Berry, Maureen. |
| Personal name | McDermott, Michael C. |
| 856 40 - ELECTRONIC LOCATION AND ACCESS | |
| Uniform Resource Identifier | http://site.ebrary.com/lib/rucke/Doc?id=10044868 |
No items available.
